[Event "C.to Provinciale TO"]
[Site "Ivrea ITA"]
[Date "2001.03.17"]
[Round "1"]
[White "Barocelli, Carlo"]
[Black "Ranieri, Fabrizio"]
[Result "0-1"]
[WhiteElo "1729"]
[BlackElo "2164"]
[PlyCount "106"]
[EventDate "2001.03.17"]

1. d4 e6 2. Nf3 Nf6 3. Nbd2 d5 4. e3 c5 5. c3 Be7 6. Bd3 O-O 7. O-O Bd7 8. Re1
Bc6 9. Qc2 Nbd7 10. e4 c4 11. Bf1 Nxe4 12. Nxe4 dxe4 13. Nd2 b5 14. Nxe4 Nf6
15. Nxf6+ Bxf6 16. b3 cxb3 17. axb3 b4 18. Be3 bxc3 19. Qxc3 Qd5 20. Qc4 Rfc8
21. Rec1 Qd7 22. Qd3 g6 23. Rc5 Bd5 24. Rac1 Rcb8 25. Rc7 Qd6 26. Bh6 Qb6 27.
Qb5 Qxb5 28. Bxb5 Bxd4 29. Ba4 Bb2 30. R1c2 Be5 31. Rd7 Bxb3 32. Bxb3 Rxb3 33.
f4 Rb1+ 34. Kf2 Rb2 35. Re2 Rxe2+ 36. Kxe2 Bg7 37. Bxg7 Kxg7 38. Kd3 a5 39. g4
a4 40. Kc2 a3 41. Kb1 Ra4 42. f5 exf5 43. gxf5 gxf5 44. Rd2 f4 45. Ka2 Kf6 46.
h4 Kf5 47. Rd7 Kg4 48. Rxf7 h5 49. Rg7+ Kxh4 50. Rg1 f3 51. Kb3 Rf4 52. Kc3 f2
53. Kd3 fxg1=N 0-1

[Event "C.to Provinciale TO"]
[Site "Ivrea ITA"]
[Date "2001.03.17"]
[Round "1"]
[White "Guglielmi, Nicolo'"]
[Black "Tortora, Franco"]
[Result "0-1"]
[WhiteElo "1701"]
[BlackElo "2032"]
[PlyCount "128"]
[EventDate "2001.03.17"]

1. c4 c5 2. Nf3 Nf6 3. Nc3 b6 4. d4 cxd4 5. Nxd4 Bb7 6. f3 e5 7. Ndb5 d5 8.
cxd5 a6 9. Na3 b5 10. Nc2 Nxd5 11. Nxd5 Qxd5 12. Qxd5 Bxd5 13. e4 Be6 14. Be3
Nc6 15. Be2 Be7 16. O-O O-O 17. Rfd1 Rfc8 18. b3 Rd8 19. Kf1 Rac8 20. Bb6 Rxd1+
21. Rxd1 h6 22. Ne3 Nb4 23. Nd5 Bf8 24. Nc7 Nxa2 25. Nxe6 fxe6 26. Ra1 Rc1+ 27.
Rxc1 Nxc1 28. Bd1 Bd6 29. Kf2 Nd3+ 30. Kg3 Kf7 31. Bc2 Nb4 32. Bb1 Nc6 33. Kf2
Ke7 34. h4 Kd7 35. g4 a5 36. h5 a4 37. bxa4 bxa4 38. Bc2 a3 39. Bb3 Nb4 40. Be3
a2 41. Bxa2 Nxa2 42. g5 hxg5 43. Bxg5 Nb4 44. h6 gxh6 45. Bxh6 Nd3+ 46. Kg3 Nf4
47. Kg4 Ke8 48. Bg5 Bc7 49. Bh4 Kf7 50. Be1 Kg6 51. Bc3 Ng2 52. Bd2 Bb6 53. Kg3
Ne3 54. Bc1 Bd4 55. f4 exf4+ 56. Kxf4 e5+ 57. Kf3 Nc4 58. Ke2 Kh5 59. Kd3 Na5
60. Kc2 Nb7 61. Kb3 Nc5+ 62. Kc4 Nxe4 63. Ba3 Kg6 64. Kd5 Kf5 0-1

[Event "C.to Provinciale TO"]
[Site "Ivrea ITA"]
[Date "2001.03.17"]
[Round "1"]
[White "Lucchese, Paolo"]
[Black "Coqueraut, Jean Dominique"]
[Result "1-0"]
[WhiteElo "1911"]
[BlackElo "1702"]
[PlyCount "73"]
[EventDate "2001.03.17"]

1. e4 d6 2. d4 Nf6 3. Nc3 g6 4. Nge2 Bg7 5. g3 c6 6. Bg2 O-O 7. O-O Nbd7 8. h3
e5 9. Be3 Nb6 10. Qd3 Be6 11. b3 Qd7 12. Kh2 Ne8 13. a4 f5 14. a5 fxe4 15. Nxe4
Nd5 16. Bd2 Rc8 17. c4 Ne7 18. f4 exf4 19. Rxf4 Rxf4 20. Nxf4 Bf5 21. g4 Bxe4
22. Qxe4 Nc7 23. Re1 Re8 24. Qd3 b6 25. Bc3 b5 26. d5 bxc4 27. dxc6 Qd8 28.
Qxc4+ d5 29. Nxd5 Ncxd5 30. Bxd5+ Nxd5 31. Rxe8+ Qxe8 32. Qxd5+ Kh8 33. Bxg7+
Kxg7 34. Qd7+ Kf8 35. Qxe8+ Kxe8 36. b4 Kd8 37. b5 1-0

[Event "C.to Provinciale TO"]
[Site "Ivrea ITA"]
[Date "2001.03.17"]
[Round "1"]
[White "Nardelli, Marco"]
[Black "Sorcinelli, Francesco"]
[Result "1/2-1/2"]
[WhiteElo "1776"]
[BlackElo "1701"]
[PlyCount "64"]
[EventDate "2001.03.17"]

1. e4 c5 2. d4 cxd4 3. c3 Nf6 4. e5 Nd5 5. Nf3 Nc6 6. Bc4 Nb6 7. Bb3 d6 8. exd6
Qxd6 9. O-O Be6 10. Na3 Bxb3 11. Qxb3 e6 12. Nb5 Qd7 13. Bf4 Nd5 14. Bg3 a6 15.
Nbxd4 Nxd4 16. Nxd4 Bc5 17. Rad1 O-O 18. Nxe6 fxe6 19. c4 Rad8 20. cxd5 exd5
21. Rd2 Kh8 22. Rfd1 Rfe8 23. h3 d4 24. Qc4 Ba7 25. f3 Rc8 26. Qd3 Re6 27. Kh2
Rd8 28. Qf5 Re7 29. Qxd7 Rexd7 30. Bf2 Kg8 31. Kg1 b5 32. Kf1 Kf7 1/2-1/2

[Event "C.to Provinciale TO"]
[Site "Ivrea ITA"]
[Date "2001.03.17"]
[Round "1"]
[White "Paonessa, Denis"]
[Black "D'Ingiullo, Roberto"]
[Result "0-1"]
[WhiteElo "1693"]
[BlackElo "1741"]
[PlyCount "68"]
[EventDate "2001.03.17"]

1. d4 c5 2. d5 e5 3. e4 d6 4. Bb5+ Nd7 5. c4 g6 6. Nc3 Bg7 7. Nf3 Ne7 8. O-O
O-O 9. Bxd7 Bxd7 10. Be3 f5 11. exf5 Nxf5 12. Bg5 Qe8 13. Ne4 h6 14. Bd2 Qe7
15. Re1 Nd4 16. Nxd4 exd4 17. Nxc5 Be5 18. Nxd7 Bxh2+ 19. Kf1 Qxd7 20. Re6 Qf7
21. Be1 Be5 22. Qd3 Kg7 23. f3 Rae8 24. Rxe8 Rxe8 25. Bf2 Qf4 26. Rd1 Qh2 27.
Bxd4 Qh1+ 28. Bg1 Kh7 29. b4 Bf4 30. Kf2 Be3+ 31. Kg3 Bxg1 32. c5 Qh2+ 33. Kg4
h5+ 34. Kg5 Qg3+ 0-1

[Event "C.to Provinciale TO"]
[Site "Ivrea ITA"]
[Date "2001.03.18"]
[Round "2"]
[White "Coqueraut, Jean Dominique"]
[Black "Paonessa, Denis"]
[Result "0-1"]
[WhiteElo "1702"]
[BlackElo "1693"]
[PlyCount "82"]
[EventDate "2001.03.17"]

1. d4 Nf6 2. c4 e5 3. dxe5 Ng4 4. Nf3 Bc5 5. e3 Nc6 6. Nc3 O-O 7. Be2 Re8 8.
O-O Ngxe5 9. b3 a5 10. Bb2 Ra6 11. Nd5 Nxf3+ 12. Bxf3 Ne5 13. Qe2 Rh6 14. Bxe5
Rxe5 15. g3 c6 16. Nf4 Qf6 17. Rad1 Bd6 18. Rd4 Bc5 19. Rd3 d6 20. Bg4 Bf5 21.
Bxf5 Qxf5 22. f3 Re8 23. Rf2 g5 24. Ng2 Rhe6 25. Rf1 Qh3 26. Rf2 h5 27. f4 h4
28. fxg5 hxg3 29. hxg3 Qxg3 30. Qf3 Qxg5 31. Qxf7+ Kh8 32. Qf3 Rxe3 33. Rxe3
Bxe3 34. Qh3+ Kg8 35. Qf3 Bxf2+ 36. Qxf2 Qc5 37. Nf4 Re1+ 38. Kg2 Qxf2+ 39.
Kxf2 Ra1 40. a4 Ra3 41. c5 d5 0-1

[Event "C.to Provinciale TO"]
[Site "Ivrea ITA"]
[Date "2001.03.18"]
[Round "2"]
[White "Nardelli, Marco"]
[Black "Guglielmi, Nicolo'"]
[Result "1/2-1/2"]
[WhiteElo "1776"]
[BlackElo "1701"]
[PlyCount "177"]
[EventDate "2001.03.17"]

1. e4 c5 2. d4 cxd4 3. c3 b6 4. cxd4 Bb7 5. Nc3 e6 6. Bd3 Nc6 7. Nf3 Nf6 8. Bg5
h6 9. Bh4 Be7 10. O-O d6 11. d5 exd5 12. exd5 Ne5 13. Nxe5 dxe5 14. Bb5+ Kf8
15. Bxf6 Bxf6 16. Qe2 g6 17. Ne4 Qxd5 18. f3 Qd4+ 19. Kh1 Kg7 20. Rfd1 Qb4 21.
a3 Qf8 22. Nxf6 Kxf6 23. Rd7 Bc8 24. Rc7 Be6 25. Re1 Qd6 26. Rc6 Qd4 27. f4
Rhd8 28. fxe5+ Kg7 29. Qf3 Qh4 30. Rf1 Bd5 31. Qf6+ Qxf6 32. exf6+ Kg8 33. Rc7
a6 34. Bc6 Rab8 35. Bxd5 Rxd5 36. h3 Re8 37. Rfc1 Rd6 38. Re7 Kf8 39. Rxe8+
Kxe8 40. Rc8+ Kd7 41. Ra8 b5 42. g4 Rxf6 43. Ra7+ Ke8 44. Kg2 Kf8 45. Rb7 Rc6
46. Kf3 Rc2 47. Rb6 Rxb2 48. Rxa6 Rb3+ 49. Kg2 b4 50. a4 Ra3 51. a5 Kg7 52. Ra8
b3 53. a6 b2 54. Rb8 Rxa6 55. Rxb2 Ra3 56. Rb7 g5 57. Rb6 f6 58. Rb7+ Kg6 59.
Rb6 Ra4 60. Rb8 Rf4 61. Rg8+ Kh7 62. Rb8 f5 63. gxf5 Rxf5 64. Rb6 Kg7 65. Kg3
Rf6 66. Rb7+ Kg6 67. Rb5 h5 68. Rc5 h4+ 69. Kg2 Rf5 70. Rc6+ Kf7 71. Rc7+ Ke6
72. Rc6+ Kd5 73. Rc8 Re5 74. Rd8+ Ke4 75. Rf8 Rf5 76. Re8+ Kf4 77. Ra8 Re5 78.
Ra4+ Re4 79. Ra2 Re3 80. Rf2+ Ke5 81. Rf8 Rg3+ 82. Kh2 Ra3 83. Rf7 Ra2+ 84. Kg1
Ke6 85. Rf8 Ra4 86. Kg2 Rf4 87. Ra8 g4 88. hxg4 Rxg4+ 89. Kh3 1/2-1/2

[Event "C.to Provinciale TO"]
[Site "Ivrea ITA"]
[Date "2001.03.18"]
[Round "2"]
[White "Ranieri, Fabrizio"]
[Black "Lucchese, Paolo"]
[Result "1-0"]
[WhiteElo "2164"]
[BlackElo "1911"]
[PlyCount "38"]
[EventDate "2001.03.17"]

1. e4 c5 2. Nf3 d6 3. d4 cxd4 4. Nxd4 Nf6 5. Nc3 a6 6. Bg5 e6 7. f4 Be7 8. Qf3
Qc7 9. O-O-O Nbd7 10. g4 h6 11. Bxf6 gxf6 12. Qh3 Nb6 13. Qh5 d5 14. f5 Qf4+
15. Kb1 exf5 16. exf5 Nc4 17. Bxc4 dxc4 18. Ne6 Bxe6 19. fxe6 O-O 1-0

[Event "C.to Provinciale TO"]
[Site "Ivrea ITA"]
[Date "2001.03.18"]
[Round "2"]
[White "Sorcinelli, Francesco"]
[Black "Barocelli, Carlo"]
[Result "1-0"]
[WhiteElo "1701"]
[BlackElo "1729"]
[PlyCount "109"]
[EventDate "2001.03.17"]

1. e4 d5 2. exd5 Qxd5 3. Nc3 Qa5 4. d4 c6 5. Bc4 Bf5 6. Nf3 Nf6 7. Qe2 e6 8.
Bd2 Qc7 9. O-O-O Be7 10. Ne5 Nbd7 11. Bf4 Bd6 12. Bg3 O-O 13. h4 b5 14. Bxb5
cxb5 15. Nxb5 Qxc2+ 16. Qxc2 Bxc2 17. Kxc2 Bb4 18. Nxd7 Nxd7 19. Bd6 Rfc8+ 20.
Kd3 Bxd6 21. Nxd6 Rc6 22. Nc4 Rac8 23. b3 Nf6 24. g3 Nd5 25. Rd2 Kf8 26. Rc1
Ke7 27. a3 Rb8 28. Rb2 Nb6 29. Rcc2 Nd5 30. Na5 Rxc2 31. Rxc2 Kd7 32. b4 f6 33.
Nb3 Kd6 34. f4 g6 35. Re2 h6 36. Nc5 Re8 37. Kc4 g5 38. hxg5 fxg5 39. fxg5 hxg5
40. Ne4+ Kc6 41. Nxg5 Nb6+ 42. Kd3 Kd6 43. Ne4+ Ke7 44. g4 Nd5 45. Rh2 Nf6 46.
Nxf6 Kxf6 47. Rh7 a5 48. b5 Rd8 49. Rh5 a4 50. b6 Ke7 51. b7 Kd6 52. Rb5 Rb8
53. g5 Kc6 54. Kc4 Kd6 55. Kb4 1-0

[Event "C.to Provinciale TO"]
[Site "Ivrea ITA"]
[Date "2001.03.18"]
[Round "3"]
[White "D'Ingiullo, Roberto"]
[Black "Ranieri, Fabrizio"]
[Result "1/2-1/2"]
[WhiteElo "1741"]
[BlackElo "2164"]
[PlyCount "62"]
[EventDate "2001.03.17"]

1. Nc3 Nf6 2. e4 e6 3. e5 Ng8 4. Nf3 d5 5. exd6 Bxd6 6. Ne4 Be7 7. d4 Nf6 8.
Bd3 Nbd7 9. O-O b6 10. Ne5 Nxe5 11. dxe5 Nd7 12. f4 Bb7 13. Be3 O-O 14. Qg4 c5
15. c3 Nxe5 16. fxe5 Qxd3 17. Bh6 g6 18. Bxf8 Qe3+ 19. Kh1 h5 20. Qf4 Qxf4 21.
Rxf4 Rxf8 22. Nf6+ Bxf6 23. Rxf6 Rd8 24. Rf2 Rd3 25. Re1 Kg7 26. Ref1 Rd7 27.
h4 Bd5 28. Rd2 Rc7 29. b3 c4 30. b4 Rd7 31. a4 a6 1/2-1/2

[Event "C.to Provinciale TO"]
[Site "Ivrea ITA"]
[Date "2001.03.18"]
[Round "3"]
[White "Lucchese, Paolo"]
[Black "Nardelli, Marco"]
[Result "1/2-1/2"]
[WhiteElo "1911"]
[BlackElo "1776"]
[PlyCount "114"]
[EventDate "2001.03.17"]

1. e4 c5 2. Nf3 Nc6 3. d4 cxd4 4. Nxd4 Nf6 5. Nc3 d6 6. Bg5 e6 7. Qd2 Be7 8. f3
a6 9. O-O-O Qc7 10. Nb3 b5 11. Bf4 b4 12. Ne2 Ne5 13. Qxb4 Bb7 14. Qa5 Rc8 15.
Qxc7 Rxc7 16. Bxe5 dxe5 17. Na5 Ba8 18. a3 O-O 19. Kb1 Rb8 20. Nb3 a5 21. Nxa5
Bxa3 22. Nb3 Bb4 23. Nec1 Bc6 24. Nd3 Be7 25. Nxe5 Ba4 26. Rd3 Rbc8 27. Rc3
Rxc3 28. bxc3 Rxc3 29. Kb2 Rc7 30. Bd3 Nd7 31. Nxd7 Rxd7 32. f4 Bxb3 33. Kxb3
Rb7+ 34. Kc4 Kf8 35. Ra1 Ke8 36. Ra8+ Kd7 37. Rg8 g6 38. Rg7 Rb4+ 39. Kc3 Bf6+
40. Kxb4 Bxg7 41. Kb5 Kc7 42. g4 Bd4 43. Kc4 Be3 44. f5 exf5 45. exf5 gxf5 46.
Bxf5 h6 47. Kd5 Bf4 48. h3 Bg5 49. Ke5 Kc6 50. Bh7 Kc5 51. Bg8 f6+ 52. Ke4 Bh4
53. Kf5 Bg5 54. Kg6 Kc6 55. Kf5 Kc5 56. Ke4 Bh4 57. Kf5 Bg5 1/2-1/2

[Event "C.to Provinciale TO"]
[Site "Ivrea ITA"]
[Date "2001.03.18"]
[Round "3"]
[White "Paonessa, Denis"]
[Black "Guglielmi, Nicolo'"]
[Result "0-1"]
[WhiteElo "1693"]
[BlackElo "1701"]
[PlyCount "80"]
[EventDate "2001.03.17"]

1. d4 d5 2. c4 e6 3. Nc3 c6 4. Nf3 Bb4 5. a3 Ba5 6. Bf4 dxc4 7. e4 b5 8. Be2
Nf6 9. Bg5 Qb6 10. Bxf6 gxf6 11. O-O Bb7 12. Qc2 Nd7 13. Rfd1 O-O 14. h4 Kh8
15. Nh2 Rg8 16. Ng4 Rg7 17. Bf3 Rd8 18. Qc1 e5 19. Ne2 exd4 20. Rxd4 Ne5 21.
Rxd8+ Qxd8 22. Nxe5 fxe5 23. Ng3 Rg6 24. Bh5 Rf6 25. Nf5 Bc8 26. Qg5 Bxf5 27.
exf5 h6 28. Qg4 Qd4 29. Rd1 Qxg4 30. Bxg4 Kg7 31. Kf1 Bb6 32. h5 Bd4 33. Rd2 a5
34. Ke2 c5 35. Rc2 e4 36. Bh3 Rd6 37. g4 Kf6 38. Bg2 Kg5 39. Bxe4 Kxg4 40. f3+
Kxh5 0-1

[Event "C.to Provinciale TO"]
[Site "Ivrea ITA"]
[Date "2001.03.18"]
[Round "3"]
[White "Sorcinelli, Francesco"]
[Black "Tortora, Franco"]
[Result "1-0"]
[WhiteElo "1701"]
[BlackElo "2032"]
[PlyCount "115"]
[EventDate "2001.03.17"]

1. e4 e6 2. d3 d5 3. Nd2 Nf6 4. Ngf3 c5 5. g3 g6 6. Bg2 Bg7 7. O-O O-O 8. Qe2
b6 9. Re1 Nc6 10. Nf1 a5 11. e5 Nd7 12. Bf4 Ba6 13. c3 b5 14. h4 h6 15. N1h2
Rc8 16. Qd2 b4 17. Ng4 Ne7 18. Bxh6 Nf5 19. Bxg7 Kxg7 20. h5 Rh8 21. hxg6 fxg6
22. Ng5 Nf8 23. Nf6 Rc7 24. Rad1 Re7 25. Qf4 Nd7 26. g4 Nh6 27. Nxd7 Qxd7 28.
Qf6+ Kg8 29. Qxg6+ Rg7 30. Qxe6+ Qxe6 31. Nxe6 Rxg4 32. Nxc5 Bb5 33. Kf1 Nf5
34. Bxd5+ Kf8 35. e6 Ke7 36. Re5 Rf4 37. Ke1 Rh2 38. Ne4 Be8 39. Kd2 Bh5 40.
Rf1 Bf3 41. Ng5 Bg4 42. Re4 bxc3+ 43. bxc3 Rxe4 44. Nxe4 Bf3 45. c4 Ng7 46. c5
Rh5 47. c6 Rxd5 48. c7 Bxe4 49. c8=Q Rxd3+ 50. Ke2 Nxe6 51. f3 Bf5 52. Re1 Nf4+
53. Kf2+ Kf6 54. Qf8+ Kg5 55. Rg1+ Kh4 56. Qh6+ Nh5 57. Qg5+ Kh3 58. Qxh5# 1-0

[Event "C.to Provinciale TO"]
[Site "Ivrea ITA"]
[Date "2001.03.24"]
[Round "4"]
[White "D'Ingiullo, Roberto"]
[Black "Lucchese, Paolo"]
[Result "1/2-1/2"]
[WhiteElo "1741"]
[BlackElo "1911"]
[PlyCount "109"]
[EventDate "2001.03.17"]

1. Nc3 d5 2. e4 Nf6 3. exd5 Nxd5 4. Bc4 c6 5. Qf3 e6 6. Nge2 Nd7 7. d4 N7b6 8.
Bb3 a5 9. a3 a4 10. Ba2 Qf6 11. Qg3 Qg6 12. Qxg6 hxg6 13. Ne4 Be7 14. Bg5 Bxg5
15. Nxg5 Nf6 16. Nf3 Ra5 17. O-O Ne4 18. Rfe1 Nd6 19. Ne5 O-O 20. Nf4 Nf5 21.
c3 Rd8 22. Rad1 Ne7 23. f3 Ned5 24. Nfd3 Nd7 25. Nc4 Ra7 26. Nde5 N7f6 27. Nd2
Bd7 28. Ne4 Nxe4 29. fxe4 Nf6 30. Nc4 Be8 31. e5 Nd5 32. Nd6 Ne7 33. g4 Nc8 34.
Nxc8 Rxc8 35. g5 b5 36. Re2 Bd7 37. Red2 Kf8 38. Bb1 Ke7 39. Rf1 Rh8 40. Rdf2
Be8 41. Bd3 Rh5 42. Rg2 Kd8 43. Be2 Rh4 44. Rg4 Rh7 45. Rff4 Rh5 46. Rg3 Rh8
47. Kg2 Rc7 48. Rh3 Rg8 49. Bf3 Re7 50. Rfh4 Bd7 51. Rh8 Ree8 52. Rxg8 Rxg8 53.
Rh7 Kc7 54. Kf2 Kb6 55. Ke3 1/2-1/2

[Event "C.to Provinciale TO"]
[Site "Ivrea ITA"]
[Date "2001.03.24"]
[Round "4"]
[White "Guglielmi, Nicolo'"]
[Black "Barocelli, Carlo"]
[Result "1-0"]
[WhiteElo "1701"]
[BlackElo "1729"]
[PlyCount "45"]
[EventDate "2001.03.17"]

1. c4 c6 2. d4 d5 3. cxd5 cxd5 4. Nc3 Nf6 5. Bf4 Nc6 6. e3 e6 7. Bd3 Bb4 8. Nf3
Bd7 9. O-O O-O 10. Nb5 a6 11. Nd6 Bc8 12. Nxc8 Rxc8 13. Qb3 Qd7 14. Ne5 Qe7 15.
Rac1 Nh5 16. Nxc6 Rxc6 17. Rxc6 Nxf4 18. Rc2 Nxg2 19. Kxg2 Qg5+ 20. Kh1 Bd6 21.
f4 Qh4 22. Rg2 f5 23. Qxb7 1-0

[Event "C.to Provinciale TO"]
[Site "Ivrea ITA"]
[Date "2001.03.24"]
[Round "4"]
[White "Ranieri, Fabrizio"]
[Black "Sorcinelli, Francesco"]
[Result "1/2-1/2"]
[WhiteElo "2164"]
[BlackElo "1701"]
[PlyCount "50"]
[EventDate "2001.03.17"]

1. e4 c5 2. Nf3 d6 3. d4 cxd4 4. Nxd4 Nf6 5. Nc3 g6 6. f3 Bg7 7. Be3 O-O 8. Qd2
Nc6 9. O-O-O d5 10. Kb1 Nxd4 11. e5 Nf5 12. exf6 Bxf6 13. Nxd5 Qxd5 14. Qxd5
Nxe3 15. Qd3 Nxd1 16. Qxd1 Be6 17. Bd3 Rfd8 18. Qe2 Rd4 19. g4 Rad8 20. h4 Rb4
21. b3 a5 22. h5 Rb6 23. hxg6 hxg6 24. g5 Bg7 25. Rh4 Rbd6 1/2-1/2

[Event "C.to Provinciale TO"]
[Site "Ivrea ITA"]
[Date "2001.03.24"]
[Round "4"]
[White "Tortora, Franco"]
[Black "Paonessa, Denis"]
[Result "1-0"]
[WhiteElo "2032"]
[BlackElo "1693"]
[PlyCount "55"]
[EventDate "2001.03.17"]

1. d4 d5 2. c4 e6 3. Nc3 c5 4. cxd5 exd5 5. e4 dxe4 6. d5 Nf6 7. Bf4 Be7 8. d6
O-O 9. dxe7 Qxd1+ 10. Rxd1 Re8 11. Rd8 Nc6 12. Rxe8+ Nxe8 13. Nxe4 Nxe7 14.
Nxc5 Ng6 15. Be3 b6 16. Ne4 Bb7 17. Nc3 Nd6 18. Nf3 Re8 19. Bd3 Nf4 20. Bf1 Nf5
21. Kd2 Rd8+ 22. Kc2 Ne6 23. Be2 Ned4+ 24. Bxd4 Bxf3 25. Bxf3 Nxd4+ 26. Kc1
Nxf3 27. gxf3 Rd3 28. Rd1 1-0

[Event "C.to Provinciale TO"]
[Site "Ivrea ITA"]
[Date "2001.03.24"]
[Round "5"]
[White "Barocelli, Carlo"]
[Black "Paonessa, Denis"]
[Result "0-1"]
[WhiteElo "1729"]
[BlackElo "1693"]
[PlyCount "72"]
[EventDate "2001.03.17"]

1. d4 d5 2. Nf3 c5 3. c3 Nf6 4. e3 Nbd7 5. Bd3 Qc7 6. Nbd2 e5 7. dxe5 Nxe5 8.
Nxe5 Qxe5 9. Nf3 Qd6 10. O-O Be7 11. Re1 O-O 12. b3 Bg4 13. Bb2 Rfe8 14. c4 d4
15. exd4 cxd4 16. Bxd4 Bxf3 17. gxf3 Rad8 18. Bxf6 Qxf6 19. Qe2 Bf8 20. Be4 Re6
21. Qc2 Qh4 22. c5 Rh6 23. Kf1 Qxh2 24. Ke2 Qe5 25. Rad1 Re8 26. Kd2 Qg5+ 27.
Ke2 Bxc5 28. Kd3 Rd8+ 29. Kc4 b5+ 30. Kxb5 Bd4+ 31. Bf5 Rb6+ 32. Ka4 Ra6+ 33.
Kb5 Qf6 34. Rxd4 Qb6+ 35. Kc4 Qxd4+ 36. Kb5 Rb6+ 0-1

[Event "C.to Provinciale TO"]
[Site "Ivrea ITA"]
[Date "2001.03.24"]
[Round "5"]
[White "Lucchese, Paolo"]
[Black "Guglielmi, Nicolo'"]
[Result "1-0"]
[WhiteElo "1911"]
[BlackElo "1701"]
[PlyCount "43"]
[EventDate "2001.03.17"]

1. e4 c5 2. Nf3 e6 3. d4 cxd4 4. Nxd4 Nf6 5. Bd3 Nc6 6. Nxc6 dxc6 7. O-O e5 8.
h3 Be7 9. Be3 O-O 10. Nd2 Qc7 11. Qe2 b5 12. a4 bxa4 13. Rxa4 c5 14. Nc4 Bb7
15. Bg5 Rfe8 16. Rfa1 Bc6 17. Ra5 Nd7 18. Bxe7 Rxe7 19. Ne3 Qb7 20. Nf5 Re6 21.
Bc4 Rf6 22. Ne7+ 1-0

[Event "C.to Provinciale TO"]
[Site "Ivrea ITA"]
[Date "2001.03.24"]
[Round "5"]
[White "Tortora, Franco"]
[Black "Ranieri, Fabrizio"]
[Result "0-1"]
[WhiteElo "2032"]
[BlackElo "2164"]
[PlyCount "54"]
[EventDate "2001.03.17"]

1. d4 e6 2. c4 Nf6 3. g3 d5 4. Bg2 Be7 5. Nf3 O-O 6. O-O Nbd7 7. Qc2 c6 8. b3
b6 9. Bb2 Bb7 10. Rd1 Rc8 11. Nbd2 c5 12. Qd3 dxc4 13. Nxc4 cxd4 14. Qxd4 Bc5
15. Qf4 Qe7 16. Nd6 Bxd6 17. Rxd6 Nd5 18. Qg5 f6 19. Qg4 Qxd6 20. Rd1 Rc2 21.
Ba1 Rfc8 22. h4 Rc1 23. Qd4 Rxd1+ 24. Qxd1 Qc5 25. Bb2 Qc2 26. Qd4 Qxe2 27. Ng5
Rc2 0-1

[Event "C.to Provinciale TO"]
[Site "Ivrea ITA"]
[Date "2001.03.25"]
[Round "6"]
[White "Barocelli, Carlo"]
[Black "Tortora, Franco"]
[Result "0-1"]
[WhiteElo "1729"]
[BlackElo "2032"]
[PlyCount "72"]
[EventDate "2001.03.17"]

1. d4 Nf6 2. Nf3 c5 3. c3 d5 4. e3 Bf5 5. Bb5+ Bd7 6. Bd3 cxd4 7. exd4 Nc6 8.
Bf4 Nh5 9. Bg3 Nxg3 10. hxg3 g6 11. Nbd2 Qb6 12. Qb3 Qxb3 13. axb3 a6 14. b4
Na7 15. O-O Bb5 16. Bxb5+ Nxb5 17. Rfe1 Bg7 18. Nb3 e6 19. Ne5 Rc8 20. Nc5 Rc7
21. Ned3 O-O 22. f4 Nd6 23. Kf2 Nc4 24. Rh1 Re8 25. Rh2 f6 26. Re1 Rce7 27.
Rhh1 Nd6 28. Re2 e5 29. dxe5 fxe5 30. fxe5 b6 31. Nxa6 Ne4+ 32. Kf3 h5 33. Rhe1
Bh6 34. c4 Rxe5 35. Rxe4 dxe4+ 36. Kf2 exd3 0-1

[Event "C.to Provinciale TO"]
[Site "Ivrea ITA"]
[Date "2001.03.25"]
[Round "6"]
[White "D'Ingiullo, Roberto"]
[Black "Nardelli, Marco"]
[Result "1/2-1/2"]
[WhiteElo "1741"]
[BlackElo "1776"]
[PlyCount "74"]
[EventDate "2001.03.17"]

1. Nc3 Nf6 2. e4 d6 3. d4 g6 4. Nf3 Bg7 5. Be2 O-O 6. O-O Nc6 7. h3 e5 8. Bg5
exd4 9. Nxd4 h6 10. Be3 Re8 11. Nxc6 bxc6 12. Bd3 Bb7 13. Qd2 Kh7 14. f4 d5 15.
exd5 cxd5 16. Bd4 Ne4 17. Bxe4 dxe4 18. Rad1 Bxd4+ 19. Qxd4 e3 20. Qc4 Qe7 21.
f5 g5 22. f6 Qe6 23. Qxc7 Bxg2 24. Kxg2 e2 25. Nxe2 Qxe2+ 26. Rf2 Qe4+ 27. Kg1
Kg8 28. Qg3 Rac8 29. c3 Rc5 30. Qg4 Qc6 31. Qh5 Rce5 32. Rdf1 Re1 33. Qf3 Qb6
34. Rxe1 Rxe1+ 35. Kg2 Qe6 36. Qa8+ Kh7 37. Qf3 Kg8 1/2-1/2

[Event "C.to Provinciale TO"]
[Site "Ivrea ITA"]
[Date "2001.03.25"]
[Round "6"]
[White "Guglielmi, Nicolo'"]
[Black "Ranieri, Fabrizio"]
[Result "0-1"]
[WhiteElo "1701"]
[BlackElo "2164"]
[PlyCount "82"]
[EventDate "2001.03.17"]

1. d4 e6 2. e3 Nf6 3. Bd3 d5 4. f4 Be7 5. Nf3 O-O 6. O-O c5 7. c3 Bd7 8. Ne5
Qb6 9. Qe2 a5 10. Nd2 Nc6 11. Kh1 Be8 12. g4 Nd7 13. Ndf3 Ndxe5 14. fxe5 Qd8
15. e4 cxd4 16. exd5 Qxd5 17. c4 Qd7 18. Bg5 Nb4 19. Bxe7 Qxe7 20. Rfd1 Bc6 21.
Kg1 Rad8 22. a3 Nxd3 23. Rxd3 Qc5 24. Nd2 a4 25. Rf1 b5 26. b4 axb3 27. Nxb3
Qxa3 28. Nxd4 Qc5 29. Qe3 bxc4 30. Nxc6 Qxc6 31. Rc3 Rc8 32. Rf4 Qb5 33. Kg2
Qd5+ 34. Kg3 Rc5 35. Re4 Rfc8 36. Kf4 h6 37. h4 Qd1 38. Qe2 Qd5 39. g5 hxg5+
40. hxg5 f5 41. exf6 Qxg5+ 0-1

[Event "C.to Provinciale TO"]
[Site "Ivrea ITA"]
[Date "2001.03.25"]
[Round "6"]
[White "Lucchese, Paolo"]
[Black "Sorcinelli, Francesco"]
[Result "1-0"]
[WhiteElo "1911"]
[BlackElo "1701"]
[PlyCount "47"]
[EventDate "2001.03.17"]

1. e4 c5 2. Nf3 d6 3. d4 cxd4 4. Nxd4 Nf6 5. Nc3 g6 6. Be3 Bg7 7. f3 O-O 8. Qd2
Nc6 9. Bc4 Bd7 10. O-O-O Rc8 11. Bb3 Ne5 12. Bg5 Rc5 13. h4 h5 14. g4 b5 15.
Bxf6 Bxf6 16. Nd5 Rxd5 17. exd5 a5 18. a3 hxg4 19. f4 Nc4 20. Bxc4 bxc4 21. h5
c3 22. bxc3 Qb6 23. hxg6 Qc5 24. Qh2 1-0

[Event "Weekend A"]
[Site "Monza ITA"]
[Date "2001.03.17"]
[Round "1"]
[White "Bonazzi, Edoardo"]
[Black "Lamola, Giuseppe"]
[Result "1/2-1/2"]
[WhiteElo "2095"]
[BlackElo "1774"]
[PlyCount "91"]
[EventDate "2001.03.17"]

1. c4 e5 2. g3 f5 3. Bg2 d6 4. Nc3 c6 5. d4 Be7 6. Nh3 Nf6 7. O-O O-O 8. b3
Nbd7 9. Bb2 h6 10. Qd2 Qe8 11. Na4 Ng4 12. f3 Ngf6 13. c5 b5 14. cxb6 axb6 15.
dxe5 dxe5 16. Qc2 Ba6 17. Qxc6 Bb4 18. Qc2 Nd5 19. Bc1 Rc8 20. Qd1 N7f6 21. a3
Bc3 22. Nxc3 Nxc3 23. Qd2 Nxe2+ 24. Kh1 Nd4 25. Rf2 Nxb3 26. Qa2 Bc4 27. Bf1
Qa4 28. Bxc4+ Qxc4 29. Bb2 Nxa1 30. Qxa1 e4 31. Bxf6 Rxf6 32. fxe4 Qxe4+ 33.
Kg1 Rfc6 34. Rf1 Rc2 35. Nf2 Qe3 36. Kg2 Rc1 37. Rxc1 Rxc1 38. Qa2+ Kh8 39. Qf7
Rc5 40. a4 Qe5 41. Qf8+ Kh7 42. Kh3 Qe6 43. Kg2 Qc6+ 44. Kh3 Qxa4 45. Qd6 Qc6
46. Qd3 {...} 1/2-1/2

[Event "Weekend A"]
[Site "Monza ITA"]
[Date "2001.03.17"]
[Round "1"]
[White "Giuberchio, Cesare"]
[Black "Santelli, Francesco"]
[Result "1-0"]
[WhiteElo "1801"]
[BlackElo "1698"]
[PlyCount "63"]
[EventDate "2001.03.17"]

1. e4 Nf6 2. e5 Nd5 3. c4 Nb6 4. c5 Nd5 5. Bc4 e6 6. Nc3 Nxc3 7. dxc3 Bxc5 8.
Qg4 Rg8 9. Bg5 Be7 10. Nh3 Nc6 11. f4 d5 12. O-O-O Bxg5 13. Nxg5 Rh8 14. Bd3 h5
15. Qg3 Ne7 16. Nh7 g6 17. Nf6+ Kf8 18. Qh4 Kg7 19. Rhg1 c5 20. g4 hxg4 21.
Qxg4 Nf5 22. Qg5 Bd7 23. Bxf5 exf5 24. h4 Be8 25. h5 Rh6 26. Qxf5 Qc8 27. Qg5
Bd7 28. hxg6 Rxg6 29. Qh4 Kf8 30. Rxg6 fxg6 31. Nxd7+ Qxd7 32. Qh8+ 1-0

[Event "Weekend A"]
[Site "Monza ITA"]
[Date "2001.03.17"]
[Round "1"]
[White "Mazzariol, Oscar"]
[Black "Cammarota, Vittorio"]
[Result "1-0"]
[WhiteElo "1774"]
[BlackElo "2086"]
[PlyCount "53"]
[EventDate "2001.03.17"]

1. e4 c5 2. Nf3 Nc6 3. d4 cxd4 4. Nxd4 Qb6 5. Nb3 Nf6 6. Nc3 e6 7. Be3 Qc7 8.
f4 d6 9. a3 a6 10. Bd3 b5 11. O-O Be7 12. Kh1 Bb7 13. Qf3 O-O 14. Nd4 Rfe8 15.
Qh3 Bf8 16. Nxc6 Bxc6 17. e5 dxe5 18. fxe5 Qxe5 19. Rxf6 Bxg2+ 20. Kxg2 g6 21.
Raf1 Re7 22. Qf3 Rd8 23. Rxf7 Ree8 24. Ra7 Kh8 25. Qf6+ Qxf6 26. Rxf6 Bg7 27.
Rff7 1-0